Historia de la educación norteamericana
Guardat en:
| Autor principal: | |
|---|---|
| Format: | Llibre |
| Idioma: | espanyol |
| Publicat: |
Ciudad de México
UTEHA
1966
|
| Col·lecció: | Biblioteca Clásicos y Modernos de Educación
|
| Matèries: | |
| Etiquetes: |
Afegir etiqueta
Sense etiquetes, Sigues el primer a etiquetar aquest registre!
|
MARC
| LEADER | 00000nam a2200000 a 4500 | ||
|---|---|---|---|
| 001 | UCY8081 | ||
| 003 | CL-VaPUC | ||
| 008 | 950623e19660000MX |||||||||||||||||spa|d | ||
| 082 | 0 | 4 | |a 370.1 |b GOO |2 21 |
| 100 | 0 | |a Good, H. G |e author |9 339184 | |
| 245 | 1 | 0 | |a Historia de la educación norteamericana |
| 300 | |a 656 p | ||
| 942 | |c BK | ||
| 945 | |d 19950623 00:00:00 |a cmena | ||
| 260 | |a Ciudad de México |b UTEHA |c 1966 | ||
| 650 | 0 | |a Historia de la educación |9 257642 | |
| 650 | 0 | |a Educación superior |9 223851 | |
| 650 | 0 | |a Libertad de enseñanza |9 311567 | |
| 650 | 0 | |a Educación básica |9 224933 | |
| 650 | 7 | |a EDUCACION Y DESARROLLO |2 CL-VaPUC |9 324696 | |
| 650 | 0 | |a Estado y educación |9 311264 | |
| 651 | 7 | |a AMERICA DEL NORTE |2 CL-VaPUC |9 311278 | |
| 583 | |a last modification |c 20170925 04:19:32 |k Rodrigo Vera | ||
| 490 | 0 | |a Biblioteca Clásicos y Modernos de Educación | |
| 999 | |c 235361 |d 235359 | ||
| 952 | |0 0 |1 0 |4 0 |6 370_100000000000000_GOO_1966 |7 0 |8 P |9 242732 |a BIBEDU |b BIBEDU |c BIBEDU_PB |d 2019-11-18 |i 1522191 |o 370.1 GOO 1966 |p 1522191 |r 2024-01-25 |w 2019-11-18 |y BK |k EDU | ||